|
|
|
|
| LEADER |
00000naa2a2200000 4500 |
| 001 |
387985 |
| 005 |
20231101063659.0 |
| 035 |
|
|
|a (RuTPU)RU\TPU\prd\18417
|
| 090 |
|
|
|a 387985
|
| 100 |
|
|
|a 20031015a2003 k y0rusy50 ca
|
| 101 |
0 |
|
|a rus
|
| 102 |
|
|
|a un
|
| 200 |
1 |
|
|a Особенности разрушения пластичных листовых материалов
|f Н. Г. Чаусов, А. А. Лебедев
|
| 225 |
1 |
|
|a Научно-технический раздел
|
| 320 |
|
|
|a Библиогр.: 16 назв.
|
| 461 |
|
1 |
|0 (RuTPU)RU\TPU\prd\1695
|x 0556-171X
|t Проблемы прочности
|o журнал
|f НАН Украины
|d 2002-
|
| 463 |
|
1 |
|0 (RuTPU)RU\TPU\prd\16420
|t № 4
|v С. 5-13
|d 2003
|
| 610 |
1 |
|
|a метод деформирования
|
| 610 |
1 |
|
|a метод полных диаграмм
|
| 610 |
1 |
|
|a деформирования
|
| 610 |
1 |
|
|a микротрещины
|
| 610 |
1 |
|
|a листовой материал
|
| 610 |
1 |
|
|a разрушение
|
| 675 |
|
|
|a 539.4
|v 3
|
| 700 |
|
1 |
|a Чаусов
|b Н. Г.
|
| 701 |
|
1 |
|a Лебедев
|b А. А.
|
| 801 |
|
1 |
|a RU
|b 63413507
|c 20031015
|g PSBO
|
| 801 |
|
2 |
|a RU
|b 63413507
|c 20031015
|g PSBO
|
| 942 |
|
|
|c BK
|